| 000 | 00627nam a2200217 a 4500 | ||
|---|---|---|---|
| 999 |
_c3022 _d3022 |
||
| 001 | 3022 | ||
| 003 | BD-JhCC | ||
| 005 | 20171109130003.0 | ||
| 008 | 171109s1394 bg |||| ||a| 000 0 ben d | ||
| 035 | _a(BD-JhCC)3022 | ||
| 040 |
_aBD-JhCC _dBD-JhCC |
||
| 041 | _aben | ||
| 082 |
_a891.4435 _bRAH 1394 |
||
| 100 | _aরহমান, রিজিয়া | ||
| 245 |
_aনির্বাচিত গল্প / _cরিজিয়া রহমান |
||
| 260 |
_aঢাকা : _bমুক্তধারা, _c1394. |
||
| 300 |
_a161 p. : _c21 cm. |
||
| 650 | _aSelective Stories | ||
| 942 |
_2ddc _cBK |
||